Analýza obchodov na voľnom trhu v Eurozóne diplomová práca

Enregistré dans:
Détails bibliographiques
Auteur principal: Tureková Suchárová, Júlia
Collectivité auteur: Národohospodárska fakulta EU. Katedra bankovníctva a medzinárodných financií
Autres auteurs: Malacká, Viera
Format: Livre
Langue:slovaque
Publié: Bratislava 2011
Tags: Ajouter un tag
Pas de tags, Soyez le premier à ajouter un tag!

MARC

LEADER 00000nbm a2200000 4500
001 0130607
005 20161109101554.9
041 0 |a slo 
044 |a SK 
245 1 0 |a Analýza obchodov na voľnom trhu v Eurozóne  |b diplomová práca  |c Júlia Tureková Suchárová ; školiteľ: Viera Malacká 
264 1 |a Bratislava  |c 2011 
300 |a 67 s. 
100 1 |a Tureková Suchárová, Júlia 
700 1 |a Malacká, Viera 
710 2 |a Národohospodárska fakulta EU. Katedra bankovníctva a medzinárodných financií